Estatísticas para Canais Globosat

Clique aqui para jogar o quiz

Estatísticas Gerais

  • Esse quiz foi jogado 67 vezes
    (62 desde o último reset)
  • A pontuação média é 14 de 24

Estatísticas das Respostas

TemáticaCanal% Correto
JornalismoGlobo News
94%
EsportesSporTV
93%
InfantilGloob
91%
EntretenimentoMultishow
87%
Futebol (PPV)Premiere
87%
Programas e Novelas antigosViva
85%
FemininaGNT
83%
Lutas (PPV)Combate
81%
Filmes de açãoTelecine Action
67%
Filmes premiadosTelecine Premium
63%
Filmes nacionaisCanal Brasil
61%
EducativoFutura
61%
Filmes clássicosTelecine Cult
61%
Filmes dubladosTelecine Pipoca
61%
MúsicaBis
57%
Filmes de comédiaTelecine Fun
57%
Esportes radicaisOFF
56%
Infantil (2 a 5 anos)Gloobinho
46%
Filmes dubladosMegapix
41%
Filmes emotivosTelecine Touch
31%
VariedadesMais Globosat
26%
Ficção CientíficaSyfy
20%
SériesUniversal Channel
17%
Filmes e sériesStudio Universal
13%

Distribuição das Pontuações

Percentil de Números Respondidos

Porcentagem de Pessoas com Cada Pontuação

Sua Pontuação Histórica

Você não jogou esse quiz desde o último reset